Quick Pick: Female Solo Singers Quiz Stats

 Plays Quiz Updated Feb 26, 2016

Challenge
Share
Tweet
Embed
Score 0/18 Timer 01:00
0 Plays Today
% Correct
Britney Spears
95.6%
Katy Perry
93.3%
Adele
87.6%
Shakira
79.6%
Lady Gaga
78.5%
Carly Rae Jepsen
74.4%
Miley Cyrus
73.9%
Meghan Trainor
73.3%
Alicia Keys
68.6%
% Correct
Taylor Swift
67.7%
Avril Lavigne
65.3%
Beyoncé
64.7%
Nicki Minaj
62.7%
Christina Aguilera
61.4%
Sia
59.9%
Rihanna
55.1%
Lana Del Rey
50.2%
Kelly Clarkson
45.7%

Today's Daily Dose

You're not logged in!

Compare scores with friends on all Sporcle quizzes.
OR
Log In

You Might Also Like...

Show Comments

Extras

Top Quizzes Today


Score Distribution

Your Account Isn't Verified!

In order to create a playlist on Sporcle, you need to verify the email address you used during registration. Go to your Sporcle Settings to finish the process.

Report this User

Report this user for behavior that violates our Community Guidelines.

Details: